000 00260nam a22001217a 4500
999 _c154000
_d154000
082 _a
_b
100 _aRavindran Asari K
245 _aInformatics/
_cby Ravindran Asari K.
260 _a
_bAne Books,
_c2010.
300 _a276p.
650 _a
942 _cBK